[Event "Mitropa Online Cup Women 2021"]
[Site "Hybrid"]
[Date "2021.05.04"]
[Round "6.3"]
[White "Hakimifard, Ghazal"]
[Black "Trippold, Denise"]
[Result "1-0"]
[WhiteElo "2265"]
[BlackElo "2145"]
[Annotator "NA"]
[PlyCount "57"]
[EventDate "2021.05.04"]
[EventType "team-tourn"]
[EventCountry "NET"]
[SourceTitle "playchess.com"]
[Source "ChessBase"]
[SourceQuality "1"]
[WhiteTeam "Switzerland"]
[BlackTeam "Austria"]
[WhiteTeamCountry "SUI"]
[BlackTeamCountry "AUT"]
[TimeControl "40/5400+30:1800+30"]

1. e4 {[%emt 0:00:11]} e6 {[%emt 0:00:22]} 2. d4 {[%emt 0:00:05]} d5 {[%emt 0:00:05]} 3. Nd2 {[%emt 0:00:05]} c5 {[%emt 0:00:09]} 4. exd5 {[%emt 0:00:06]} exd5 {[%emt 0:00:10]} 5. Ngf3 {[%emt 0:00:13]} Nc6 {[%emt 0:00:10]} 6. Bb5 {[%emt 0:00:08]} Qe7+ {[%emt 0:00:14]} 7. Be2 {[%emt 0:00:06]} Qc7 {[%emt 0:00:34]} 8. O-O {[%emt 0:00:04]} Nf6 {[%emt 0:00:27]} 9. Re1 {[%emt 0:00:24]} cxd4 {[%emt 0:00:28]} 10. Nb3 {[%emt 0:00:12]} Bb4 {[%emt 0:00:51]} 11. Bd2 {[%emt 0:00:10]} Bxd2 {[%emt 0:00:11]} 12. Qxd2 {[%emt 0:00:04]} O-O {[%emt 0:00:21]} 13. Nfxd4 {[%emt 0:00:05]} Bd7 {[%emt 0:00:33]} 14. Nxc6 {[%emt 0:00:04]} bxc6 {[%emt 0:00:15]} 15. c4 {[%emt 0:00:46]} dxc4 {[%emt 0:13:01]} 16. Bxc4 {[%emt 0:07:19]} Rfe8 {[%emt 0:02:03]} 17. Nc5 {[%emt 0:02:09]} Bf5 {[%emt 0:02:02]} 18. Qg5 {[%emt 0:02:20]} Bg6 {[%emt 0:02:26]} 19. Nd3 {[%emt 0:07:33]} Be4 {[%emt 0:15:17]} 20. Rac1 {[%emt 0:09:15]} Qb6 {[%emt 0:08:11]} 21. b3 {[%emt 0:11:42]} Rad8 {[%emt 0:08:15]} 22. Ne5 {[%emt 0:04:38]} Bd5 {[%emt 0:02:03]} 23. Re3 {[%emt 0:05:24]} h6 {[%emt 0:13:43]} 24. Qf4 {[%emt 0:02:37]} Qc7 {[%emt 0:13:39]} 25. Qf5 {[%emt 0:21:43]} Bxc4 {[%emt 0:01:25]} 26. Nxc4 {[%emt 0:00:06]} Rxe3 {[%emt 0:02:02]} 27. Nxe3 {[%emt 0:00:04]} Rd2 {[%emt 0:02:18]} 28. a3 {[%emt 0:03:12]} Rc2 {[%emt 0:10:01]} 29. Qxc2 {[%emt 0:00:16]} 1-0

[Event "Mitropa Online Cup Women 2021"]
[Site "Hybrid"]
[Date "2021.05.04"]
[Round "6.3"]
[White "Froewis, Annika"]
[Black "Mueller-Seps, Monika"]
[Result "1-0"]
[WhiteElo "2143"]
[BlackElo "2243"]
[Annotator "NA"]
[PlyCount "169"]
[EventDate "2021.05.04"]
[EventType "team-tourn"]
[EventCountry "NET"]
[SourceTitle "playchess.com"]
[Source "ChessBase"]
[SourceQuality "1"]
[WhiteTeam "Austria"]
[BlackTeam "Switzerland"]
[WhiteTeamCountry "AUT"]
[BlackTeamCountry "SUI"]
[TimeControl "40/5400+30:1800+30"]

1. d4 {[%emt 0:00:00]} Nf6 {[%emt 0:00:56]} 2. Nc3 {[%emt 0:01:12]} d5 {[%emt 0:00:08]} 3. Bf4 {[%emt 0:00:09]} a6 {[%emt 0:00:07]} 4. e3 {[%emt 0:00:28]} Bf5 {[%emt 0:00:08]} 5. f3 {[%emt 0:00:38]} e6 {[%emt 0:00:10]} 6. g4 {[%emt 0:00:04]} Bg6 {[%emt 0:00:06]} 7. h4 {[%emt 0:00:02]} h5 {[%emt 0:00:08]} 8. g5 {[%emt 0:00:23]} Nfd7 {[%emt 0:00:15]} 9. Bd3 {[%emt 0:00:04]} Bxd3 {[%emt 0:00:09]} 10. Qxd3 {[%emt 0:00:07]} g6 {[%emt 0:00:07]} 11. Nge2 {[%emt 0:00:25]} Bg7 {[%emt 0:13:55]} 12. e4 {[%emt 0:01:41]} c6 {[%emt 0:00:28]} 13. O-O-O {[%emt 0:19:25]} b5 {[%emt 0:02:20]} 14. Rde1 {[%emt 0:04:08]} Nb6 {[%emt 0:06:08]} 15. Be5 {[%emt 0:06:26]} Bxe5 {[%emt 0:03:08]} 16. dxe5 {[%emt 0:00:11]} N8d7 {[%emt 0:12:23]} 17. exd5 {[%emt 0:08:33]} cxd5 {[%emt 0:00:47]} 18. Ng3 {[%emt 0:14:48]} Qc7 {[%emt 0:04:35]} 19. f4 {[%emt 0:01:11]} Qc4 {[%emt 0:09:26]} 20. Qxc4 {[%emt 0:04:59]} Nxc4 {[%emt 0:00:56]} 21. Nce2 {[%emt 0:03:55]} Rc8 {[%emt 0:01:31]} 22. Nd4 {[%emt 0:00:46]} O-O {[%emt 0:06:57]} 23. Rh2 {[%emt 0:02:52]} Rfe8 {[%emt 0:14:45]} 24. Rhe2 {[%emt 0:01:02]} Nf8 {[%emt 0:02:34]} 25. Rf1 {[%emt 0:06:50]} Rc7 {[%emt 0:03:53]} 26. Rf3 {[%emt 0:07:49]} Na5 {[%emt 0:01:18]} 27. Rd3 {[%emt 0:05:16]} Nd7 {[%emt 0:02:57]} 28. Kb1 {[%emt 0:02:12]} Nb6 {[%emt 0:06:09]} 29. Rf3 {[%emt 0:03:19]} Nc6 {[%emt 0:00:31]} 30. Nxc6 {[%emt 0:04:00]} Rxc6 {[%emt 0:00:01]} 31. Rd2 {[%emt 0:00:03]} Rc4 {[%emt 0:02:59]} 32. b3 {[%emt 0:00:18]} Rc7 {[%emt 0:00:22]} 33. Ne2 {[%emt 0:00:37]} Rec8 {[%emt 0:00:15]} 34. Kb2 {[%emt 0:01:20]} Nd7 {[%emt 0:00:44]} 35. Rc3 {[%emt 0:01:19]} Nc5 {[%emt 0:00:46]} 36. Rd4 {[%emt 0:00:27]} Kf8 {[%emt 0:01:38]} 37. a3 {[%emt 0:00:52]} Ke7 {[%emt 0:00:14]} 38. Re3 {[%emt 0:00:29]} Ne4 {[%emt 0:01:23]} 39. c3 {[%emt 0:00:20]} a5 {[%emt 0:00:34]} 40. Rdd3 {[%emt 0:00:00]} Nc5 {[%emt 0:00:00]} 41. Rd1 {[%emt 0:02:55]} Nd7 {[%emt 0:18:51]} 42. Nd4 {[%emt 0:05:36]} Rb7 {[%emt 0:00:30]} 43. Nc2 {[%emt 0:02:23]} Nc5 {[%emt 0:03:57]} 44. Rf3 {[%emt 0:03:01]} Na6 {[%emt 0:03:03]} 45. Rd4 {[%emt 0:00:34]} Nb8 {[%emt 0:00:08]} 46. Rdd3 {[%emt 0:05:15]} Nc6 {[%emt 0:00:05]} 47. Rf2 {[%emt 0:07:34]} b4 {[%emt 0:01:55]} 48. cxb4 {[%emt 0:03:40]} axb4 {[%emt 0:00:03]} 49. axb4 {[%emt 0:01:57]} Nxb4 {[%emt 0:00:03]} 50. Rd4 {[%emt 0:00:58]} Rcb8 {[%emt 0:01:41]} 51. Nxb4 {[%emt 0:02:03]} Rxb4 {[%emt 0:00:01]} 52. Rxb4 {[%emt 0:00:39]} Rxb4 {[%emt 0:00:03]} 53. Ka3 {[%emt 0:00:05]} Re4 {[%emt 0:00:09]} 54. b4 {[%emt 0:00:06]} Kd7 {[%emt 0:00:02]} 55. Ka4 {[%emt 0:00:19]} Kc6 {[%emt 0:01:59]} 56. Ka5 {[%emt 0:00:06]} Rc4 {[%emt 0:00:39]} 57. Rf3 {[%emt 0:02:07]} Rc1 {[%emt 0:04:00]} 58. b5+ {[%emt 0:00:27]} Kb7 {[%emt 0:00:06]} 59. Rb3 {[%emt 0:00:28]} Ra1+ {[%emt 0:00:32]} 60. Kb4 {[%emt 0:00:01]} Rf1 {[%emt 0:00:01]} 61. Kc5 {[%emt 0:00:57]} Rxf4 {[%emt 0:00:04]} 62. Rh3 {[%emt 0:00:32]} Kc7 {[%emt 0:02:10]} 63. b6+ {[%emt 0:00:15]} Kb7 {[%emt 0:00:02]} 64. Ra3 {[%emt 0:00:22]} Rc4+ {[%emt 0:00:03]} 65. Kb5 {[%emt 0:00:04]} Kb8 {[%emt 0:00:18]} 66. Rf3 {[%emt 0:00:11]} Rxh4 {[%emt 0:01:35]} 67. Rxf7 {[%emt 0:00:05]} Rc4 {[%emt 0:00:02]} 68. Ka6 {[%emt 0:00:33]} Ra4+ {[%emt 0:00:03]} 69. Kb5 {[%emt 0:00:02]} Rc4 {[%emt 0:00:48]} 70. Rf6 {[%emt 0:02:18]} Rc8 {[%emt 0:02:19]} 71. Rxg6 {[%emt 0:00:24]} d4 {[%emt 0:02:12]} 72. Rxe6 {[%emt 0:00:37]} d3 {[%emt 0:01:14]} 73. Rd6 {[%emt 0:00:16]} Re8 {[%emt 0:00:03]} 74. e6 {[%emt 0:00:15]} d2 {[%emt 0:00:09]} 75. Ka6 {[%emt 0:00:24]} Kc8 {[%emt 0:00:43]} 76. Rxd2 {[%emt 0:01:12]} Rxe6 {[%emt 0:00:07]} 77. Rh2 {[%emt 0:00:30]} Re1 {[%emt 0:00:56]} 78. Rxh5 {[%emt 0:00:25]} Ra1+ {[%emt 0:00:02]} 79. Kb5 {[%emt 0:00:02]} Rb1+ {[%emt 0:00:01]} 80. Kc6 {[%emt 0:00:22]} Rc1+ {[%emt 0:00:02]} 81. Kd5 {[%emt 0:00:24]} Rb1 {[%emt 0:00:34]} 82. Rh8+ {[%emt 0:00:50]} Kb7 {[%emt 0:00:05]} 83. g6 {[%emt 0:01:00]} Rxb6 {[%emt 0:00:04]} 84. g7 {[%emt 0:00:10]} Rg6 {[%emt 0:00:03]} 85. g8=Q {[%emt 0:00:05]} 1-0

[Event "Mitropa Online Cup Women 2021"]
[Site "Hybrid"]
[Date "2021.05.04"]
[Round "6.3"]
[White "Heinatz, Gundula"]
[Black "Hapala, Elisabeth"]
[Result "1-0"]
[WhiteElo "2131"]
[BlackElo "2120"]
[Annotator "NA"]
[PlyCount "179"]
[EventDate "2021.05.04"]
[EventType "team-tourn"]
[EventCountry "NET"]
[SourceTitle "playchess.com"]
[Source "ChessBase"]
[SourceQuality "1"]
[WhiteTeam "Switzerland"]
[BlackTeam "Austria"]
[WhiteTeamCountry "SUI"]
[BlackTeamCountry "AUT"]
[TimeControl "40/5400+30:1800+30"]

1. d4 {[%emt 0:00:00]} Nf6 {[%emt 0:00:05]} 2. Bf4 {[%emt 0:00:17]} e6 {[%emt 0:00:07]} 3. e3 {[%emt 0:00:26]} c5 {[%emt 0:00:10]} 4. Nd2 {[%emt 0:01:34]} cxd4 {[%emt 0:03:17]} 5. exd4 {[%emt 0:01:06]} b6 {[%emt 0:02:22]} 6. Nc4 {[%emt 0:07:43]} d6 {[%emt 0:08:53]} 7. Qf3 {[%emt 0:05:17]} Nd5 {[%emt 0:07:31]} 8. Ne3 {[%emt 0:03:35]} Nc7 {[%emt 0:08:19]} 9. Bd3 {[%emt 0:11:38]} d5 {[%emt 0:12:07]} 10. Qg3 {[%emt 0:02:30]} Nba6 {[%emt 0:05:38]} 11. a4 {[%emt 0:04:31]} Bb7 {[%emt 0:03:10]} 12. Nf3 {[%emt 0:06:42]} Rc8 {[%emt 0:02:36]} 13. c3 {[%emt 0:00:40]} Nb8 {[%emt 0:01:51]} 14. a5 {[%emt 0:09:27]} b5 {[%emt 0:11:05]} 15. Bxc7 {[%emt 0:04:35]} Qxc7 {[%emt 0:00:15]} 16. Bxb5+ {[%emt 0:00:22]} Bc6 {[%emt 0:00:26]} 17. Bd3 {[%emt 0:00:54]} Qxg3 {[%emt 0:07:13]} 18. hxg3 {[%emt 0:00:09]} Nd7 {[%emt 0:00:37]} 19. g4 {[%emt 0:02:23]} Rb8 {[%emt 0:04:37]} 20. b4 {[%emt 0:01:37]} Bd6 {[%emt 0:09:09]} 21. g5 {[%emt 0:02:48]} Bb5 {[%emt 0:02:28]} 22. Bxb5 {[%emt 0:01:33]} Rxb5 {[%emt 0:00:04]} 23. g3 {[%emt 0:00:57]} Ke7 {[%emt 0:03:15]} 24. Kd2 {[%emt 0:03:12]} f6 {[%emt 0:00:41]} 25. Rae1 {[%emt 0:01:39]} Kf7 {[%emt 0:01:26]} 26. Ng4 {[%emt 0:01:21]} Nf8 {[%emt 0:00:49]} 27. gxf6 {[%emt 0:07:19]} gxf6 {[%emt 0:00:04]} 28. Rh5 {[%emt 0:07:52]} Kg7 {[%emt 0:01:42]} 29. Reh1 {[%emt 0:01:36]} Ng6 {[%emt 0:00:21]} 30. Ne3 {[%emt 0:02:36]} a6 {[%emt 0:01:25]} 31. Ne1 {[%emt 0:01:21]} Ne7 {[%emt 0:01:54]} 32. Nd3 {[%emt 0:00:58]} Ng6 {[%emt 0:00:28]} 33. f4 {[%emt 0:01:01]} Ne7 {[%emt 0:00:26]} 34. R5h3 {[%emt 0:00:58]} Kg6 {[%emt 0:01:13]} 35. Rh6+ {[%emt 0:00:33]} Kg7 {[%emt 0:00:03]} 36. g4 {[%emt 0:01:20]} Ng8 {[%emt 0:01:10]} 37. R6h3 {[%emt 0:00:28]} Ne7 {[%emt 0:00:20]} 38. Rg1 {[%emt 0:01:03]} h6 {[%emt 0:01:02]} 39. Rf3 {[%emt 0:01:05]} Kf7 {[%emt 0:00:23]} 40. Rh1 {[%emt 0:00:00]} Rbb8 {[%emt 0:00:00]} 41. Rfh3 {[%emt 0:06:31]} Kg7 {[%emt 0:11:32]} 42. Re1 {[%emt 0:04:19]} Kf7 {[%emt 0:02:29]} 43. Rf1 {[%emt 0:02:13]} Rbd8 {[%emt 0:06:11]} 44. Rh5 {[%emt 0:01:23]} Nc6 {[%emt 0:03:07]} 45. Rfh1 {[%emt 0:02:09]} Kg7 {[%emt 0:01:29]} 46. R5h3 {[%emt 0:06:00]} Be7 {[%emt 0:01:40]} 47. Re1 {[%emt 0:02:16]} Kf7 {[%emt 0:00:29]} 48. Kc2 {[%emt 0:01:42]} Rc8 {[%emt 0:02:39]} 49. Kd2 {[%emt 0:02:55]} Rcd8 {[%emt 0:00:03]} 50. Rb1 {[%emt 0:00:29]} Rb8 {[%emt 0:01:12]} 51. Rhh1 {[%emt 0:00:40]} Rb5 {[%emt 0:01:13]} 52. Nc2 {[%emt 0:01:05]} Rg8 {[%emt 0:03:25]} 53. Rbg1 {[%emt 0:00:33]} Kg7 {[%emt 0:00:17]} 54. Rh2 {[%emt 0:01:50]} Rh8 {[%emt 0:00:07]} 55. Re1 {[%emt 0:00:21]} Kf7 {[%emt 0:00:04]} 56. Rhe2 {[%emt 0:00:36]} e5 {[%emt 0:02:40]} 57. dxe5 {[%emt 0:00:38]} fxe5 {[%emt 0:00:23]} 58. Nxe5+ {[%emt 0:00:39]} Nxe5 {[%emt 0:00:02]} 59. fxe5 {[%emt 0:01:03]} Rg8 {[%emt 0:00:27]} 60. Rf1+ {[%emt 0:00:23]} Ke8 {[%emt 0:00:08]} 61. Nd4 {[%emt 0:01:19]} Rb8 {[%emt 0:00:20]} 62. Rg1 {[%emt 0:01:30]} h5 {[%emt 0:00:33]} 63. Reg2 {[%emt 0:00:18]} Bg5+ {[%emt 0:01:30]} 64. Kd3 {[%emt 0:00:14]} h4 {[%emt 0:00:38]} 65. Nf3 {[%emt 0:00:48]} Kd7 {[%emt 0:00:14]} 66. Rh1 {[%emt 0:00:31]} Ke6 {[%emt 0:00:12]} 67. Nxg5+ {[%emt 0:00:33]} Rxg5 {[%emt 0:00:03]} 68. Rxh4 {[%emt 0:00:04]} Kxe5 {[%emt 0:00:23]} 69. Rh6 {[%emt 0:00:13]} Ra8 {[%emt 0:01:15]} 70. Re2+ {[%emt 0:00:56]} Kf4 {[%emt 0:00:04]} 71. Rf6+ {[%emt 0:00:20]} Kxg4 {[%emt 0:00:12]} 72. Rg2+ {[%emt 0:00:20]} Kh5 {[%emt 0:00:08]} 73. Rxg5+ {[%emt 0:00:06]} Kxg5 {[%emt 0:00:02]} 74. Rd6 {[%emt 0:00:06]} Kf5 {[%emt 0:00:05]} 75. Rxd5+ {[%emt 0:00:12]} Ke6 {[%emt 0:00:02]} 76. c4 {[%emt 0:00:56]} Rh8 {[%emt 0:00:24]} 77. Kd4 {[%emt 0:00:23]} Rb8 {[%emt 0:00:26]} 78. Kc3 {[%emt 0:00:47]} Rh8 {[%emt 0:00:15]} 79. Rd3 {[%emt 0:00:11]} Rh5 {[%emt 0:00:56]} 80. Kb3 {[%emt 0:00:35]} Rg5 {[%emt 0:00:26]} 81. Rh3 {[%emt 0:01:33]} Rg6 {[%emt 0:01:05]} 82. b5 {[%emt 0:00:28]} axb5 {[%emt 0:00:07]} 83. cxb5 {[%emt 0:00:05]} Kd6 {[%emt 0:00:08]} 84. Rc3 {[%emt 0:00:35]} Rg1 {[%emt 0:00:40]} 85. a6 {[%emt 0:00:35]} Rb1+ {[%emt 0:00:31]} 86. Ka4 {[%emt 0:00:29]} Ra1+ {[%emt 0:00:22]} 87. Kb4 {[%emt 0:01:00]} Kd7 {[%emt 0:00:19]} 88. Ra3 {[%emt 0:00:56]} Rb1+ {[%emt 0:01:36]} 89. Kc5 {[%emt 0:01:03]} Kc7 {[%emt 0:01:32]} 90. a7 {[%emt 0:00:12]} 1-0

[Event "Mitropa Online Cup Women 2021"]
[Site "Hybrid"]
[Date "2021.05.04"]
[Round "6.3"]
[White "Mayrhuber, Nikola"]
[Black "Hund, Sarah"]
[Result "1-0"]
[WhiteElo "2040"]
[BlackElo "2049"]
[Annotator "NA"]
[PlyCount "103"]
[EventDate "2021.05.04"]
[EventType "team-tourn"]
[EventCountry "NET"]
[SourceTitle "playchess.com"]
[Source "ChessBase"]
[SourceQuality "1"]
[BlackTeam "Switzerland"]
[BlackTeamCountry "SUI"]
[TimeControl "40/5400+30:1800+30"]

1. d4 {[%emt 0:00:00]} d5 {[%emt 0:00:21]} 2. c4 {[%emt 0:00:09]} e6 {[%emt 0:00:23]} 3. Nc3 {[%emt 0:00:11]} c5 {[%emt 0:00:56]} 4. cxd5 {[%emt 0:00:13]} exd5 {[%emt 0:00:21]} 5. Nf3 {[%emt 0:00:18]} Nc6 {[%emt 0:00:15]} 6. g3 {[%emt 0:00:15]} Nf6 {[%emt 0:00:35]} 7. Bg2 {[%emt 0:00:19]} Be7 {[%emt 0:00:25]} 8. O-O {[%emt 0:00:17]} O-O {[%emt 0:00:20]} 9. b3 {[%emt 0:00:44]} Ne4 {[%emt 0:01:35]} 10. Bb2 {[%emt 0:01:51]} Bf6 {[%emt 0:00:50]} 11. Nxe4 {[%emt 0:01:19]} dxe4 {[%emt 0:00:27]} 12. Nd2 {[%emt 0:00:21]} e3 {[%emt 0:08:53]} 13. fxe3 {[%emt 0:02:45]} cxd4 {[%emt 0:00:44]} 14. Bxc6 {[%emt 0:00:36]} dxe3 {[%emt 0:04:46]} 15. Bxf6 {[%emt 0:06:18]} gxf6 {[%emt 0:07:54]} 16. Ne4 {[%emt 0:05:56]} Qxd1 {[%emt 0:06:10]} 17. Nxf6+ {[%emt 0:01:52]} Kg7 {[%emt 0:00:49]} 18. Raxd1 {[%emt 0:00:16]} bxc6 {[%emt 0:00:32]} 19. Rf3 {[%emt 0:08:09]} Ba6 {[%emt 0:04:01]} 20. Nh5+ {[%emt 0:07:23]} Kh6 {[%emt 0:10:37]} 21. Nf4 {[%emt 0:03:46]} Rfe8 {[%emt 0:09:52]} 22. Rd6+ {[%emt 0:09:00]} Kg7 {[%emt 0:01:20]} 23. Nh5+ {[%emt 0:00:53]} Kh8 {[%emt 0:02:50]} 24. Rxf7 {[%emt 0:03:39]} Rf8 {[%emt 0:05:19]} 25. Rxf8+ {[%emt 0:13:37]} Rxf8 {[%emt 0:00:18]} 26. Nf4 {[%emt 0:00:13]} Re8 {[%emt 0:13:14]} 27. Rd7 {[%emt 0:07:17]} Bc8 {[%emt 0:04:47]} 28. Rxa7 {[%emt 0:00:16]} Bf5 {[%emt 0:00:21]} 29. Ra4 {[%emt 0:07:13]} Rd8 {[%emt 0:06:21]} 30. Kg2 {[%emt 0:00:55]} Bb1 {[%emt 0:03:27]} 31. Kf3 {[%emt 0:01:35]} Re8 {[%emt 0:00:05]} 32. Ng2 {[%emt 0:02:29]} Kg7 {[%emt 0:01:22]} 33. Nxe3 {[%emt 0:00:55]} Kf6 {[%emt 0:00:09]} 34. a3 {[%emt 0:01:47]} Ke5 {[%emt 0:01:05]} 35. Ng4+ {[%emt 0:02:42]} Kd6 {[%emt 0:00:24]} 36. e4 {[%emt 0:02:30]} Bc2 {[%emt 0:00:15]} 37. Rd4+ {[%emt 0:00:20]} Kc7 {[%emt 0:01:06]} 38. Nf6 {[%emt 0:03:20]} Re7 {[%emt 0:00:28]} 39. b4 {[%emt 0:01:03]} Kb6 {[%emt 0:00:48]} 40. Nd7+ {[%emt 0:00:00]} Kb5 {[%emt 0:00:00]} 41. Nc5 {[%emt 0:02:42]} Ra7 {[%emt 0:01:12]} 42. e5 {[%emt 0:07:29]} Rxa3+ {[%emt 0:03:39]} 43. Kf4 {[%emt 0:00:08]} Ra2 {[%emt 0:00:43]} 44. Ne4 {[%emt 0:03:55]} Ra8 {[%emt 0:16:08]} 45. e6 {[%emt 0:00:51]} Bxe4 {[%emt 0:05:22]} 46. Rxe4 {[%emt 0:00:21]} c5 {[%emt 0:00:04]} 47. e7 {[%emt 0:01:08]} Re8 {[%emt 0:00:05]} 48. bxc5 {[%emt 0:00:20]} Kxc5 {[%emt 0:00:04]} 49. Kf5 {[%emt 0:00:49]} Kd5 {[%emt 0:00:19]} 50. Re2 {[%emt 0:00:12]} Kd6 {[%emt 0:00:53]} 51. Kf6 {[%emt 0:00:06]} Kd7 {[%emt 0:00:19]} 52. Kf7 {[%emt 0:00:07]} 1-0

[Event "Mitropa Online Cup Women 2021"]
[Site "Hybrid"]
[Date "2021.05.04"]
[Round "6.4"]
[White "Cvitan, Ena"]
[Black "Guichard, Pauline"]
[Result "0-1"]
[WhiteElo "2263"]
[BlackElo "2415"]
[Annotator "NA"]
[PlyCount "88"]
[EventDate "2021.05.04"]
[EventType "team-tourn"]
[EventCountry "NET"]
[SourceTitle "playchess.com"]
[Source "ChessBase"]
[SourceQuality "1"]
[WhiteTeam "Croatia"]
[BlackTeam "France"]
[WhiteTeamCountry "CRO"]
[BlackTeamCountry "FRA"]
[TimeControl "40/5400+30:1800+30"]

1. d4 {[%emt 0:00:00]} Nf6 {[%emt 0:00:10]} 2. c4 {[%emt 0:00:10]} e6 {[%emt 0:00:08]} 3. Nc3 {[%emt 0:00:06]} Bb4 {[%emt 0:00:09]} 4. e3 {[%emt 0:00:05]} O-O {[%emt 0:00:09]} 5. Bd3 {[%emt 0:00:09]} c5 {[%emt 0:00:11]} 6. Nge2 {[%emt 0:00:22]} d5 {[%emt 0:00:11]} 7. cxd5 {[%emt 0:00:10]} cxd4 {[%emt 0:00:11]} 8. exd4 {[%emt 0:00:09]} Nxd5 {[%emt 0:00:10]} 9. O-O {[%emt 0:00:20]} Nc6 {[%emt 0:00:12]} 10. Nxd5 {[%emt 0:01:17]} exd5 {[%emt 0:00:12]} 11. Be3 {[%emt 0:00:36]} Bd6 {[%emt 0:06:58]} 12. Re1 {[%emt 0:02:05]} Bg4 {[%emt 0:10:49]} 13. f3 {[%emt 0:21:01]} Be6 {[%emt 0:01:11]} 14. Rc1 {[%emt 0:04:29]} Qh4 {[%emt 0:04:08]} 15. g3 {[%emt 0:01:38]} Qf6 {[%emt 0:01:06]} 16. Kg2 {[%emt 0:06:49]} Rae8 {[%emt 0:13:04]} 17. Nc3 {[%emt 0:02:57]} Re7 {[%emt 0:12:13]} 18. Qd2 {[%emt 0:04:33]} h6 {[%emt 0:00:11]} 19. a3 {[%emt 0:09:54]} Kh8 {[%emt 0:09:08]} 20. Qf2 {[%emt 0:04:10]} Bc7 {[%emt 0:04:22]} 21. Rcd1 {[%emt 0:04:53]} Rd8 {[%emt 0:01:35]} 22. Bb1 {[%emt 0:11:08]} Bf5 {[%emt 0:00:32]} 23. Ba2 {[%emt 0:00:16]} Red7 {[%emt 0:02:15]} 24. b4 {[%emt 0:03:36]} Qg6 {[%emt 0:05:43]} 25. Kh1 {[%emt 0:01:52]} Ne7 {[%emt 0:02:45]} 26. Bb3 {[%emt 0:01:26]} Nc8 {[%emt 0:01:52]} 27. Na4 {[%emt 0:01:58]} Re7 {[%emt 0:05:20]} 28. g4 {[%emt 0:03:00]} Bd3 {[%emt 0:05:28]} 29. Nc5 {[%emt 0:01:08]} Bc4 {[%emt 0:00:19]} 30. Bc2 {[%emt 0:01:34]} Qf6 {[%emt 0:00:20]} 31. Nxb7 {[%emt 0:01:52]} Rde8 {[%emt 0:00:30]} 32. Ba4 {[%emt 0:00:46]} Rf8 {[%emt 0:01:51]} 33. Nc5 {[%emt 0:00:21]} Nb6 {[%emt 0:00:12]} 34. Bc2 {[%emt 0:01:09]} Rfe8 {[%emt 0:00:11]} 35. Nd3 {[%emt 0:07:39]} Bxd3 {[%emt 0:01:08]} 36. Bxd3 {[%emt 0:00:14]} Nc4 {[%emt 0:04:22]} 37. Bxc4 {[%emt 0:00:03]} dxc4 {[%emt 0:00:44]} 38. Bd2 {[%emt 0:00:20]} Bb6 {[%emt 0:06:34]} 39. Bc3 {[%emt 0:03:57]} Rxe1+ {[%emt 0:01:32]} 40. Bxe1 {[%emt 0:00:00]} Bxd4 {[%emt 0:00:00]} 41. Rxd4 {[%emt 0:02:54]} Rxe1+ {[%emt 0:01:58]} 42. Qxe1 {[%emt 0:01:24]} Qxd4 {[%emt 0:00:20]} 43. Qe8+ {[%emt 0:00:28]} Kh7 {[%emt 0:00:10]} 44. Qxf7 {[%emt 0:00:15]} Qd3 {[%emt 0:00:42]} 0-1

[Event "Mitropa Online Cup Women 2021"]
[Site "Hybrid"]
[Date "2021.05.04"]
[Round "6.4"]
[White "Navrotescu, Andreea-Cristiana"]
[Black "Medic, Mirjana"]
[Result "0-1"]
[WhiteElo "2247"]
[BlackElo "2147"]
[Annotator "NA"]
[PlyCount "124"]
[EventDate "2021.05.04"]
[EventType "team-tourn"]
[EventCountry "NET"]
[SourceTitle "playchess.com"]
[Source "ChessBase"]
[SourceQuality "1"]
[WhiteTeam "France"]
[BlackTeam "Croatia"]
[WhiteTeamCountry "FRA"]
[BlackTeamCountry "CRO"]
[TimeControl "40/5400+30:1800+30"]

1. d4 {[%emt 0:00:00]} d5 {[%emt 0:00:09]} 2. c4 {[%emt 0:00:07]} e6 {[%emt 0:00:06]} 3. Nc3 {[%emt 0:00:06]} Nf6 {[%emt 0:00:05]} 4. Nf3 {[%emt 0:00:08]} Be7 {[%emt 0:00:08]} 5. Bf4 {[%emt 0:00:08]} O-O {[%emt 0:00:24]} 6. e3 {[%emt 0:00:09]} b6 {[%emt 0:00:31]} 7. Rc1 {[%emt 0:00:08]} c5 {[%emt 0:01:42]} 8. cxd5 {[%emt 0:00:34]} Nxd5 {[%emt 0:01:38]} 9. Nxd5 {[%emt 0:00:42]} exd5 {[%emt 0:00:18]} 10. Bd3 {[%emt 0:15:31]} c4 {[%emt 0:11:59]} 11. Bb1 {[%emt 0:00:56]} Bb4+ {[%emt 0:00:17]} 12. Kf1 {[%emt 0:10:12]} Bd6 {[%emt 0:08:47]} 13. Ne5 {[%emt 0:17:20]} Be6 {[%emt 0:20:56]} 14. Qh5 {[%emt 0:08:04]} f5 {[%emt 0:02:19]} 15. g4 {[%emt 0:04:23]} Bxe5 {[%emt 0:04:24]} 16. Bxe5 {[%emt 0:11:10]} g6 {[%emt 0:06:06]} 17. Qh6 {[%emt 0:05:10]} Qd7 {[%emt 0:00:17]} 18. Rg1 {[%emt 0:04:58]} Rf7 {[%emt 0:08:03]} 19. gxf5 {[%emt 0:01:49]} Bxf5 {[%emt 0:00:09]} 20. Rxg6+ {[%emt 0:00:57]} Bxg6 {[%emt 0:00:14]} 21. Bxg6 {[%emt 0:00:09]} Re7 {[%emt 0:01:21]} 22. Bh5 {[%emt 0:09:35]} Qf5 {[%emt 0:02:29]} 23. Ke2 {[%emt 0:05:53]} Qd3+ {[%emt 0:00:45]} 24. Ke1 {[%emt 0:00:07]} Qf5 {[%emt 0:00:28]} 25. f4 {[%emt 0:02:11]} Nd7 {[%emt 0:04:30]} 26. Kf2 {[%emt 0:01:42]} Nxe5 {[%emt 0:01:02]} 27. dxe5 {[%emt 0:00:08]} Kh8 {[%emt 0:09:28]} 28. Bf3 {[%emt 0:00:56]} Rd8 {[%emt 0:00:35]} 29. Rg1 {[%emt 0:00:33]} Qc2+ {[%emt 0:01:35]} 30. Be2 {[%emt 0:00:05]} Qf5 {[%emt 0:00:20]} 31. Rg5 {[%emt 0:00:12]} Qf8 {[%emt 0:00:31]} 32. Qh4 {[%emt 0:00:37]} b5 {[%emt 0:01:13]} 33. Bg4 {[%emt 0:01:02]} d4 {[%emt 0:00:32]} 34. Rf5 {[%emt 0:00:14]} dxe3+ {[%emt 0:01:16]} 35. Kxe3 {[%emt 0:00:28]} Rd3+ {[%emt 0:00:44]} 36. Ke2 {[%emt 0:00:26]} Qg7 {[%emt 0:04:16]} 37. Rg5 {[%emt 0:00:40]} Qf8 {[%emt 0:01:06]} 38. Rf5 {[%emt 0:00:17]} Qg7 {[%emt 0:00:24]} 39. Rg5 {[%emt 0:00:56]} Qf8 {[%emt 0:00:10]} 40. Bf5 {[%emt 0:00:00]} Rd4 {[%emt 0:00:00]} 41. Qf2 {[%emt 0:10:25]} Qd8 {[%emt 0:06:06]} 42. Qe3 {[%emt 0:00:46]} b4 {[%emt 0:10:44]} 43. Kf3 {[%emt 0:05:34]} Rc7 {[%emt 0:06:05]} 44. Kg4 {[%emt 0:02:49]} c3 {[%emt 0:03:36]} 45. Be6 {[%emt 0:00:40]} Rg7 {[%emt 0:03:55]} 46. Rxg7 {[%emt 0:00:08]} Kxg7 {[%emt 0:00:05]} 47. bxc3 {[%emt 0:00:06]} bxc3 {[%emt 0:01:09]} 48. Bf5 {[%emt 0:05:37]} Qd5 {[%emt 0:04:22]} 49. Qxc3 {[%emt 0:01:17]} Qxe5 {[%emt 0:00:32]} 50. Qg3 {[%emt 0:01:15]} Kf7 {[%emt 0:01:36]} 51. Qf2 {[%emt 0:07:10]} h5+ {[%emt 0:01:47]} 52. Kg3 {[%emt 0:00:20]} Qc5 {[%emt 0:01:43]} 53. Bc2 {[%emt 0:00:27]} Kf6 {[%emt 0:00:36]} 54. Bb3 {[%emt 0:01:07]} Qc3+ {[%emt 0:00:53]} 55. Kh4 {[%emt 0:00:23]} Rd3 {[%emt 0:00:33]} 56. Kxh5 {[%emt 0:00:24]} Kf5 {[%emt 0:01:23]} 57. Be6+ {[%emt 0:00:49]} Kxe6 {[%emt 0:00:11]} 58. Qe2+ {[%emt 0:00:04]} Kf7 {[%emt 0:00:29]} 59. Qe4 {[%emt 0:00:42]} Qh8+ {[%emt 0:00:31]} 60. Kg4 {[%emt 0:00:22]} Qg7+ {[%emt 0:00:16]} 61. Kh4 {[%emt 0:00:08]} Qh6+ {[%emt 0:00:18]} 62. Kg4 {[%emt 0:00:06]} Qg6+ {[%emt 0:00:16]} 0-1